MARC details
| 000 -CABECERA |
| campo de control de longitud fija |
01555nam a22003497a 4500 |
| 003 - IDENTIFICADOR DEL NÚMERO DE CONTROL |
| campo de control |
OSt |
| 005 - FECHA Y HORA DE LA ÚLTIMA TRANSACCIÓN |
| campo de control |
20220531084010.0 |
| 008 - DATOS DE LONGITUD FIJA--INFORMACIÓN GENERAL |
| campo de control de longitud fija |
210324b 2017 dr 00| 0 eng d |
| 040 #4 - FUENTE DE LA CATALOGACIÓN |
| Centro catalogador/agencia de origen |
DO-SdBNP |
| Lengua de catalogación |
spa |
| Centro/agencia transcriptor |
BNPHU |
| 082 #4 - NÚMERO DE LA CLASIFICACIÓN DECIMAL DEWEY |
| Número de clasificación |
343.0977293 |
| Número de documento/Ítem |
I59a, 2008-2017 |
| Número de edición |
22 |
| 110 #1 - ENTRADA PRINCIPAL--NOMBRE DE ENTIDAD CORPORATIVA |
| Nombre de entidad corporativa o nombre de jurisdicción como elemento de entrada |
Instituto Dominicano de Aviación Civil |
| 9 (RLIN) |
78673 |
| 245 01 - MENCIÓN DE TÍTULO |
| Resto del título |
avances y consolidación / |
| Título |
Acuerdos interinstitucionales de la aviación civil de la República Dominicana : |
| 260 #2 - PUBLICACIÓN, DISTRIBUCIÓN, ETC. |
| Lugar de publicación, distribución, etc. |
Santo Domingo : |
| Nombre del editor, distribuidor, etc. |
Instituto Dominicano de Aviación Civil (IDAC), |
| Fecha de publicación, distribución, etc. |
2017. |
| 300 #2 - DESCRIPCIÓN FÍSICA |
| Extensión |
371 p. ; |
| Otras características físicas |
il, : fot. |
| Dimensiones |
29 cm. |
| 500 ## - NOTA GENERAL |
| Nota general |
Incluye índice temático |
| 505 ## - NOTA DE CONTENIDO CON FORMATO |
| Nota de contenido con formato |
Presentación |
| 505 ## - NOTA DE CONTENIDO CON FORMATO |
| Nota de contenido con formato |
Introducción |
| 505 #1 - NOTA DE CONTENIDO CON FORMATO |
| Nota de contenido con formato |
Acuerdos interinstitucionales . IDAC - Año 2008 -- |
| 505 #1 - NOTA DE CONTENIDO CON FORMATO |
| Nota de contenido con formato |
Acuerdos interinstitucionales . IDAC - Año 2009 -- |
| 505 #1 - NOTA DE CONTENIDO CON FORMATO |
| Nota de contenido con formato |
Acuerdos interinstitucionales . IDAC - Año 2010 -- |
| 505 #1 - NOTA DE CONTENIDO CON FORMATO |
| Nota de contenido con formato |
Acuerdos interinstitucionales . IDAC - Año 2011 -- |
| 505 #1 - NOTA DE CONTENIDO CON FORMATO |
| Nota de contenido con formato |
Acuerdos interinstitucionales . IDAC - Año 2012 -- |
| 505 #1 - NOTA DE CONTENIDO CON FORMATO |
| Nota de contenido con formato |
Acuerdos interinstitucionales . IDAC - Año 2013 -- |
| 505 #1 - NOTA DE CONTENIDO CON FORMATO |
| Nota de contenido con formato |
Acuerdos interinstitucionales . IDAC - Año 2014 -- |
| 505 #1 - NOTA DE CONTENIDO CON FORMATO |
| Nota de contenido con formato |
Acuerdos interinstitucionales . IDAC - Año 2015 -- |
| 505 #1 - NOTA DE CONTENIDO CON FORMATO |
| Nota de contenido con formato |
Acuerdos interinstitucionales . IDAC - Año 2016 -- |
| 505 #1 - NOTA DE CONTENIDO CON FORMATO |
| Nota de contenido con formato |
Acuerdos interinstitucionales . IDAC - Año 2017 -- |
| 590 ## - NOTA LOCAL (RLIN) |
| Nota local |
Inventariado, 2021 / SA. |
| 650 #4 - PUNTO DE ACCESO ADICIONAL DE MATERIA--TÉRMINO DE MATERIA |
| Término de materia o nombre geográfico como elemento de entrada |
Aviación comercial |
| 9 (RLIN) |
78655 |
| Subdivisión geográfica |
República Dominicana |
| Subdivisión general |
Legislación |
| Subdivisión cronológica |
2008-2017 |
| 910 ## - DATOS DE OPCIÓN DEL USUARIO (OCLC) |
| Datos de opción del usuario |
Saquino/Validado. Control de calidad MFF |
| 942 ## - ELEMENTOS DE PUNTO DE ACCESO ADICIONAL (KOHA) |
| Fuente del sistema de clasificación o colocación |
Dewey Decimal Classification |
| Tipo de ítem Koha |
Libro |